[Event "Saint Affrique op 22nd"]
[White "Aubry, Fabien"]
[Black "Sempe, Pierre"]
[Site "Saint Affrique"]
[Round "6"]
[Result "0-1"]
[Date "2014.07.23"]
[WhiteElo "1884"]
[BlackElo "1659"]
[PlyCount "61"]
[EventDate "2014.07.19"]
[EventType "swiss"]
[EventRounds "9"]
[EventCountry "FRA"]
[SourceTitle "CBM 161 Extra"]
[Source "ChessBase"]
[SourceDate "2014.08.29"]
[SourceVersion "1"]
[SourceVersionDate "2014.08.29"]
[SourceQuality "1"]

1. d4 Nf6 2. Nf3 g6 3. Bf4 Bg7 4. e3 c5 5. c3 cxd4 6. exd4 0-0 7. Be2 d5 8. h3 Nc6 9. Nbd2 a6 10. 0-0 b5 11. b4 Bf5 12. a4 Na7 13. Qb3 Be4 14. Ne5 Nd7 15. Nxd7 Qxd7 16. g4 g5 17. Bxg5 Rfc8 18. Nxe4 dxe4 19. a5 Rc6 20. Bf4 Nc8 21. Rfe1 Nd6 22. Bf1 Rac8 23. Bd2 h5 24. g5 Nc4 25. Bf4 e5 26. dxe5 Nd2 27. Bxd2 Qxd2 28. Rad1 Qxg5+ 29. Bg2 Rxc3 30. Qd5 Bxe5 31. Qxe4 0-1

[Event "Saint Affrique op 22nd"]
[White "Aubry, Fabien"]
[Black "Noireaut, Hung"]
[Site "Saint Affrique"]
[Round "4"]
[Result "0-1"]
[Date "2014.07.21"]
[WhiteElo "1884"]
[BlackElo "2007"]
[PlyCount "70"]
[EventDate "2014.07.19"]
[EventType "swiss"]
[EventRounds "9"]
[EventCountry "FRA"]
[SourceTitle "CBM 161 Extra"]
[Source "ChessBase"]
[SourceDate "2014.08.29"]
[SourceVersion "1"]
[SourceVersionDate "2014.08.29"]
[SourceQuality "1"]

1. d4 d5 2. Bf4 e6 3. e3 Nf6 4. Nd2 c5 5. c3 Nc6 6. Bd3 Bd6 7. Bg3 e5 8. dxe5 Nxe5 9. Bb5+ Bd7 10. Bxd7+ Qxd7 11. Qe2 0-0 12. Ngf3 Rfe8 13. 0-0 Nc6 14. Bxd6 Qxd6 15. Qd3 Rad8 16. Rad1 Qe7 17. Qc2 Ne4 18. Nxe4 dxe4 19. Nd2 f5 20. Qb3+ Qf7 21. Qxf7+ Kxf7 22. Nc4 Ke6 23. a4 Ne5 24. Nxe5 Kxe5 25. c4 g5 26. Rfe1 f4 27. exf4+ gxf4 28. f3 e3 29. Kf1 Rd4 30. b3 Red8 31. Ke2 Rxd1 32. Rxd1 Rd2+ 33. Kf1 Kd4 34. Rc1 Kd3 35. g4 Rxh2 0-1

[Event "Lille Luce op 5th"]
[White "Bannink, Bernard"]
[Black "Aubry, Fabien"]
[Site "Lille"]
[Round "5"]
[Result "1/2-1/2"]
[Date "2014.05.01"]
[WhiteElo "2248"]
[BlackElo "1887"]
[PlyCount "69"]
[EventDate "2014.04.28"]
[EventType "swiss"]
[EventRounds "9"]
[EventCountry "FRA"]
[SourceTitle "CBM 160 Extra"]
[Source "ChessBase"]
[SourceDate "2014.07.01"]
[SourceVersion "1"]
[SourceVersionDate "2014.07.01"]
[SourceQuality "1"]

1. d4 e6 2. e4 d5 3. Nd2 a6 4. Ngf3 c5 5. exd5 exd5 6. c3 cxd4 7. Nxd4 Nf6 8. Bd3 Be7 9. 0-0 0-0 10. Re1 Re8 11. N2f3 Bg4 12. h3 Bh5 13. Bg5 Nbd7 14. Qc2 Rc8 15. Rad1 Bg6 16. Bxg6 hxg6 17. Nb3 Qc7 18. Qd3 Bd6 19. Be3 Re7 20. Bg5 Rce8 21. Rxe7 Rxe7 22. Bxf6 Nxf6 23. Nbd2 Qb6 24. Nc4 dxc4 25. Qxd6 Qxd6 26. Rxd6 Rd7 27. Rxd7 Nxd7 28. Nd2 b5 29. Kf1 Nc5 30. b3 cxb3 31. axb3 a5 32. Ke2 a4 33. b4 Nb7 34. Nb1 Nd6 35. Kd3 1/2-1/2

[Event "FRA-ch op-B"]
[White "Aubry, Fabien"]
[Black "Najart, David"]
[Site "Pau"]
[Round "8"]
[Result "0-1"]
[Date "2008.08.20"]
[WhiteElo "1890"]
[BlackElo "1852"]
[PlyCount "76"]
[EventDate "2008.08.11"]
[EventType "swiss"]
[EventRounds "11"]
[EventCountry "FRA"]
[SourceTitle "CBM 126 Extra"]
[Source "ChessBase"]
[SourceDate "2008.11.05"]
[SourceVersion "1"]
[SourceVersionDate "2008.11.05"]
[SourceQuality "1"]

1. d4 Nf6 2. c4 g6 3. Nc3 Bg7 4. Nf3 0-0 5. g3 c5 6. d5 d6 7. Bg2 e6 8. 0-0 exd5 9. cxd5 Re8 10. Nd2 b6 11. Re1 Ba6 12. a4 Nbd7 13. Nf3 h6 14. h3 Ne4 15. Qc2 Ndf6 16. Bf4 Nxc3 17. bxc3 Nxd5 18. Ra3 Nxf4 19. gxf4 d5 20. e3 Rc8 21. Rd1 d4 22. c4 Qe7 23. Ne1 Rcd8 24. e4 Qe6 25. Rc1 Bb7 26. f3 Rb8 27. a5 Bc8 28. axb6 Qxb6 29. Rca1 a6 30. Nd3 Re6 31. Ra5 Bf8 32. Qa4 Qc7 33. Qa3 Reb6 34. Nxc5 Rc6 35. Nxa6 Rxa6 36. Qxf8+ Kxf8 37. Rxa6 Bxa6 38. Rxa6 Rb1+ 0-1

[Event "FRA-ch op-B"]
[White "Aubry, Fabien"]
[Black "Giry, Jean Marc"]
[Site "Pau"]
[Round "7"]
[Result "0-1"]
[Date "2008.08.19"]
[WhiteElo "1890"]
[BlackElo "1934"]
[PlyCount "68"]
[EventDate "2008.08.11"]
[EventType "swiss"]
[EventRounds "11"]
[EventCountry "FRA"]
[SourceTitle "CBM 126 Extra"]
[Source "ChessBase"]
[SourceDate "2008.11.05"]
[SourceVersion "1"]
[SourceVersionDate "2008.11.05"]
[SourceQuality "1"]

1. d4 b6 2. e4 Bb7 3. Bd3 e6 4. Nf3 Nf6 5. Qe2 d5 6. e5 Nfd7 7. 0-0 c5 8. c4 Be7 9. cxd5 Bxd5 10. Nc3 Bb7 11. dxc5 Nxc5 12. Bb5+ Nc6 13. b4 Nd7 14. Rd1 a6 15. Bxc6 Bxc6 16. b5 axb5 17. Nxb5 Ra5 18. Nd6+ Bxd6 19. Rxd6 Qa8 20. Bf4 Bd5 21. Rd1 Rxa2 22. Qb5 Qa4 23. Qxa4 Rxa4 24. Rc1 Ra7 25. Nd4 Ke7 26. h3 Rb7 27. Nb5 Ra8 28. Rc7 Rxc7 29. Nxc7 Ra5 30. Bd2 Ra1+ 31. Kh2 Nxe5 32. Nxd5+ Kxd6 33. Nxb6 Ra6 34. Nc8+ Kd7 0-1

[Event "Paris Apsap op 73rd"]
[White "Borzakian, Manouk"]
[Black "Aubry, Fabien"]
[Site "Paris"]
[Round "2"]
[Result "1-0"]
[Date "2004.08.01"]
[WhiteElo "2200"]
[BlackElo "1914"]
[PlyCount "71"]
[EventDate "2004.08.??"]
[EventType "swiss"]
[EventRounds "9"]
[EventCountry "FRA"]
[SourceTitle "EXT 2006"]
[Source "ChessBase"]
[SourceDate "2005.11.24"]
[SourceVersion "1"]
[SourceVersionDate "2005.11.24"]
[SourceQuality "1"]

1. e4 e6 2. Nc3 d5 3. d4 Nf6 4. Bg5 Bb4 5. e5 h6 6. Bd2 Bxc3 7. bxc3 Ne4 8. Qg4 g6 9. h4 c5 10. Bd3 Nxd2 11. Kxd2 Bd7 12. h5 g5 13. f4 Nc6 14. fxg5 Qxg5+ 15. Qxg5 hxg5 16. Ke3 0-0-0 17. Nf3 g4 18. Ng5 Rdf8 19. Raf1 Be8 20. Nh7 c4 21. Bg6 Rfg8 22. Rxf7 Bxf7 23. Bxf7 Kd8 24. Bxg8 Rxg8 25. Nf6 Rh8 26. Nxg4 Ke7 27. Nf6 Kf7 28. g4 b5 29. Nd7 b4 30. cxb4 Nxb4 31. c3 Nxa2 32. Kd2 Ke7 33. Nc5 Rg8 34. h6 Kf7 35. h7 Rh8 36. Kc2 1-0

[Event "Saint Quentin op 5th"]
[White "Kirsch, Alain"]
[Black "Aubry, Fabien"]
[Site "Saint Quentin"]
[Round "2"]
[Result "1/2-1/2"]
[Date "2002.04.??"]
[WhiteElo "2103"]
[BlackElo "1830"]
[PlyCount "90"]
[EventDate "2002.04.21"]
[EventType "swiss"]
[EventRounds "9"]
[EventCountry "FRA"]
[SourceTitle "CBM 088 Extra"]
[Source "ChessBase"]
[SourceDate "2002.07.01"]
[SourceVersion "2"]
[SourceVersionDate "2002.07.01"]
[SourceQuality "1"]

1. d4 d6 2. c4 g6 3. Nc3 Bg7 4. e4 c5 5. d5 Bxc3+ 6. bxc3 Qa5 7. Qc2 Nf6 8. Bd3 Nbd7 9. f4 b5 10. cxb5 a6 11. bxa6 Bxa6 12. Bxa6 Qxa6 13. Nf3 0-0 14. c4 Nb6 15. Nd2 e6 16. Bb2 Ng4 17. Qc3 e5 18. Qg3 Nxc4 19. Nxc4 Qxc4 20. Qxg4 Qb4+ 21. Kf2 Qxb2+ 22. Kg3 Ra3+ 23. Kh4 Qf2+ 24. g3 exf4 25. Qxf4 Qe2 26. Kh3 Rfa8 27. Rhf1 Qh5+ 28. Kg2 Rxa2+ 29. Rxa2 Rxa2+ 30. Rf2 Rxf2+ 31. Qxf2 Qe5 32. Qf3 Qd4 33. Qf4 c4 34. Qxd6 c3 35. Qd8+ Kg7 36. Qc7 Qd2+ 37. Kh3 c2 38. Qe5+ Kh6 39. Qe7 Qg5 40. Qf8+ Kh5 41. Qc8 Qd2 42. e5 c1Q 43. Qg4+ Kh6 44. Qh4+ Kg7 45. Qf6+ Kg8 1/2-1/2

[Event "Saint Quentin op 5th"]
[White "Jessel, Stephen"]
[Black "Aubry, Fabien"]
[Site "Saint Quentin"]
[Round "6"]
[Result "0-1"]
[Date "2002.??.??"]
[WhiteElo "2063"]
[BlackElo "1830"]
[PlyCount "120"]
[EventDate "2002.04.21"]
[EventType "swiss"]
[EventRounds "9"]
[EventCountry "FRA"]
[SourceTitle "CBM 088 Extra"]
[Source "ChessBase"]
[SourceDate "2002.07.01"]
[SourceVersion "2"]
[SourceVersionDate "2002.07.01"]
[SourceQuality "1"]

1. e4 d6 2. d4 Nf6 3. Nc3 Nbd7 4. Be3 e5 5. d5 Be7 6. f3 0-0 7. Qd2 c6 8. a4 cxd5 9. Nxd5 Nxd5 10. Qxd5 Nb6 11. Qb3 Be6 12. Bxb6 axb6 13. Bc4 Bxc4 14. Qxc4 Rc8 15. Qd3 Qc7 16. 0-0-0 Qc6 17. b3 b5 18. axb5 Qc5 19. Nh3 Qb4 20. Kb2 d5 21. Ra1 dxe4 22. fxe4 Rfd8 23. Qf3 Rd2 24. Rhc1 Bc5 25. Ra4 Bd4+ 26. Kb1 Qc5 27. Ra2 Qxb5 28. Qf5 Qe8 29. Ng5 g6 30. Qh3 h5 31. Nf3 Ra8 32. Nxd4 Rxd4 33. Qe3 Rxa2 34. Kxa2 Qc6 35. Kb2 Qxe4 36. Qg3 Qd5 37. Re1 e4 38. Qe3 f5 39. Ra1 Qe5 40. Ra8+ Kg7 41. Qc3 Rd5 42. h4 Qxc3+ 43. Kxc3 Kf7 44. g3 Ke7 45. Ra1 Ke6 46. Re1 Ke5 47. Re2 f4 48. gxf4+ Kxf4 49. Kc4 Rd7 50. Rg2 Kf3 51. Rxg6 e3 52. Rf6+ Ke2 53. Rf5 Kd2 54. Rxh5 e2 55. Re5 e1Q 56. Rxe1 Kxe1 57. Kb5 Kd2 58. c4 Kc3 59. b4 Rd4 60. Kb6 Kxb4 0-1

[Event "Saint Quentin op 4th"]
[White "Belz, Florian"]
[Black "Aubry, Fabien"]
[Site "Saint Quentin"]
[Round "9.36"]
[Result "0-1"]
[Date "2001.04.22"]
[WhiteElo "1700"]
[BlackElo "1780"]
[PlyCount "88"]
[EventDate "2001.04.15"]
[EventType "swiss"]
[EventRounds "9"]
[EventCountry "FRA"]
[SourceTitle "EXT 2002"]
[Source "ChessBase"]
[SourceDate "2001.11.25"]
[SourceVersion "1"]
[SourceVersionDate "2001.11.25"]
[SourceQuality "1"]

1. e4 d6 2. d4 Nf6 3. Nc3 Nbd7 4. f4 e5 5. Nf3 exd4 6. Nxd4 g6 7. Bd3 Bg7 8. Be3 0-0 9. 0-0 Re8 10. Nb3 a5 11. a4 Qe7 12. Qf3 c6 13. Rfe1 b6 14. Bd4 Bb7 15. Re2 Rac8 16. Bf2 Qf8 17. Rae1 c5 18. Bb5 Re7 19. Nd5 Re6 20. Nd2 Qd8 21. Bh4 Qe8 22. Bxf6 Bxf6 23. Nxb6 Bd4+ 24. Kh1 Rc7 25. Nxd7 Rxd7 26. Bxd7 Qxd7 27. c3 Bg7 28. Ra1 Bc6 29. Nc4 f5 30. Nb6 Qb7 31. Nd5 fxe4 32. Qg4 Bxd5 33. Rd1 Bc4 34. Red2 Qe7 35. Re1 e3 36. Rdd1 e2 37. Rd2 h6 38. f5 Re4 39. Qxg6 Rf4 40. h3 Rf1+ 41. Kh2 Qe5+ 42. g3 Qe3 43. Rxf1 exf1Q 44. Rg2 Bd5 0-1

[Event "Saint Quentin op 4th"]
[White "Fayolle, Guy"]
[Black "Aubry, Fabien"]
[Site "Saint Quentin"]
[Round "5.25"]
[Result "1/2-1/2"]
[Date "2001.04.18"]
[WhiteElo "2073"]
[BlackElo "1780"]
[PlyCount "84"]
[EventDate "2001.04.15"]
[EventType "swiss"]
[EventRounds "9"]
[EventCountry "FRA"]
[SourceTitle "EXT 2002"]
[Source "ChessBase"]
[SourceDate "2001.11.25"]
[SourceVersion "1"]
[SourceVersionDate "2001.11.25"]
[SourceQuality "1"]

1. e4 d6 2. d4 Nf6 3. Nc3 Nbd7 4. Be3 e5 5. Nf3 Be7 6. h3 c6 7. Qd2 b5 8. a3 a6 9. Be2 0-0 10. 0-0 Bb7 11. dxe5 dxe5 12. Nh2 Qc7 13. Ng4 Rad8 14. Qe1 c5 15. Nxf6+ Nxf6 16. f3 Rd7 17. Qg3 Rfd8 18. f4 b4 19. Nd5 Nxd5 20. exd5 Rxd5 21. Bc4 R5d7 22. fxe5 Bd5 23. Bxd5 Rxd5 24. Rxf7 Qxe5 25. Qxe5 Rxe5 26. Rf3 Bg5 27. Bxg5 Rxg5 28. axb4 cxb4 29. Rxa6 Rd1+ 30. Rf1 Rxf1+ 31. Kxf1 Rc5 32. Rb6 Rxc2 33. Rxb4 h6 34. Rb8+ Kf7 35. b4 Rb2 36. Kg1 Kg6 37. Kh2 Rb3 38. b5 Kg5 39. b6 Kg6 40. h4 Kh5 41. g3 Kg4 42. Rg8 Rb2+ 1/2-1/2